Ukrajinský scenár vystrašil Pobalťanov
Obavy z oživovania ruského nacionalizmu v troch pobaltských metropolách (v Tallinne, Rige a Vilniuse). Neistoty pre pobaltské republiky. Moskva viac zbrojí, modernizuje arzenál a usporadúva manévre. Ubúdanie počtu Rusov v pobaltských krajinách. Prednosti pobaltských štátov, ktoré minimalizujú pravde...
Na minha lista:
| Autor principal: | |
|---|---|
| Formato: | Capítulo de Livro |
| Idioma: | eslovaco |
| Assuntos: | |
| Tags: |
Sem tags, seja o primeiro a adicionar uma tag!
|
MARC
| LEADER | 00000naa a2200000 4500 | ||
|---|---|---|---|
| 001 | 0185686 | ||
| 005 | 20231113101134.5 | ||
| 041 | 0 | |a slo | |
| 044 | |a SK | ||
| 245 | 1 | 0 | |a Ukrajinský scenár vystrašil Pobalťanov |c Adrian Peter Pressburg |
| 520 | |a Obavy z oživovania ruského nacionalizmu v troch pobaltských metropolách (v Tallinne, Rige a Vilniuse). Neistoty pre pobaltské republiky. Moskva viac zbrojí, modernizuje arzenál a usporadúva manévre. Ubúdanie počtu Rusov v pobaltských krajinách. Prednosti pobaltských štátov, ktoré minimalizujú pravdepodobnosť infikovania ruskej menšiny veľkoruským šovinizmom. | ||
| 610 | 2 | 0 | |a politika vnútorná |
| 610 | 2 | 0 | |a politika zahraničná |
| 610 | 2 | 0 | |a nacionalizmus |
| 610 | 2 | 0 | |a Estónsko |
| 610 | 2 | 0 | |a Lotyšsko |
| 610 | 2 | 0 | |a Litva |
| 610 | 2 | 0 | |a Rusko |
| 610 | 2 | 0 | |a Ukrajina |
| 100 | 1 | |a Pressburg, Adrian Peter | |